| 000 | 00684nam a2200205 i 4500 | ||
|---|---|---|---|
| 001 | 28333 | ||
| 003 | ES-MaACL | ||
| 005 | 20240421063010.0 | ||
| 007 | t| | ||
| 008 | 030117s1963 sp ||||1| spa d | ||
| 100 | 0 |
_aBadosa, Enrique, _d1927-2021 _924566 |
|
| 245 | 1 | 0 |
_aBaladas para la paz / _cEnrique Badosa ; director: Joaquín Buxó Montesinos. |
| 260 |
_aBarcelona : _bEd. Trimer, _c[1963] |
||
| 300 |
_a35 p. ; _c20 cm. |
||
| 490 | 1 |
_aColección de trigo y voz provisto ; _v5 |
|
| 700 | 1 |
_aBuxó Montesinos, Joaquín. _932986 |
|
| 830 | 0 |
_aColección de trigo y voz provisto ; _v5 _9183355 |
|
| 852 |
_aES-MaACL _j2044-F-4 _bR.53331 |
||
| 999 |
_c28333 _d28333 |
||